Colonel, Commandant ou Capitaine ? - Statistiques

Statistiques générales
  • Ce quiz a été pris 196 fois
  • Le résultat moyen est 9 sur 12
Statistiques - réponses
Hint Explanation Réponse % Correct
Haddock Tintin Capitaine
90%
America Marvel Comics Capitaine
90%
Moutarde Personnage du jeu Cluedo Colonel
89%
Flam Animation Japonaise Capitaine
81%
Reyel Chanteur français de variétés Colonel
80%
Cousteau Explorateur océanographique Commandant
78%
Nemo 20 000 lieues sous les mers Capitaine
72%
Marleau Série télévisée française Capitaine
71%
Charcot Explorateur polaire, sportif mais aussi navire de croisière Commandant
58%
Chabert Roman d'Honoré de Balzac Colonel
56%
Krabs Bob l'éponge Capitaine
55%
Shepard Protagoniste des jeux vidéo Mass Effect Commandant
50%
Aucun quiz correspondant
Distribution des résultats
% des personnes avec chaque résultat
Percentile par nombre de réponses
Votre historique - résultats
Vous n’avez pas pris ce quiz